000 00476nam a2200181Ia 4500
005 20140311163136.0
008 140130s9999 xx 000 0 und d
020 _a0439876419
050 _aQC 955.2
_b.M379 2006
100 _aMartin, Justine McCory
_931472
245 _cMartin, Justine McCory
_aTornadoes
260 _bScholastic,
_c2006.
_aNew York :
300 _a16 p. :
_bcol. ill. ;
_c22 cm.
521 _aG6
526 _c810
942 _cBK
_2lcc
999 _c41659
_d41659